Museum of the weird (Record no. 145387)
[ view plain ]
| 000 -LEADER | |
|---|---|
| fixed length control field | 01658nam a2200325 a 4500 |
| 082 04 - DEWEY DECIMAL CLASSIFICATION NUMBER | |
| Classification number | 813/.6 |
| 100 1# - MAIN ENTRY--AUTHOR NAME | |
| Personal name | Gray, Amelia, |
| 245 10 - TITLE STATEMENT | |
| Title | Museum of the weird |
| 250 ## - EDITION STATEMENT | |
| Edition statement | 1st ed. |
| 260 ## - PUBLICATION, DISTRIBUTION, ETC. (IMPRINT) | |
| Place of publication | Tuscaloosa : |
| Name of publisher | FC2/University of Alabama Press, |
| Year of publication | 2010. |
| 300 ## - PHYSICAL DESCRIPTION | |
| Number of Pages | 171 p. : |
| Other physical details | ill. |
| 505 0# - FORMATTED CONTENTS NOTE | |
| Formatted contents note | Babies -- Waste -- Unsolved mystery -- Dinner -- A javelina story -- The darkness -- The cottage cheese diet -- Death of a beast -- Thoughts while strolling -- Trip advisory: the boyhood home of former president Ronald Reagan -- Code of operation: snake farm -- The tortoise and the hare -- Fish -- There will be sense -- Diary of the blockage -- The cube -- Love, mortar -- This quiet complex -- Vultures -- The pit -- The picture window -- The vanished -- The suitcase -- The movement. |
| 650 #0 - SUBJECT ADDED ENTRY--TOPICAL TERM | |
| Topical Term | Short stories, American. |
| 856 40 - ELECTRONIC LOCATION AND ACCESS | |
| Uniform Resource Identifier | http://site.ebrary.com/lib/rucke/Doc?id=10527807 |
No items available.
